Normal view
MARC view
- العرب-الولايات المتحدة الامريكية-تاريخ
Entry Topical Term
001 - CONTROL NUMBER
- control field: 19569
003 - CONTROL NUMBER IDENTIFIER
- control field: JO-AjAnu
005 - DATE AND TIME OF LATEST TRANSACTION
- control field: 20230606073422.0
008 - FIXED-LENGTH DATA ELEMENTS
- fixed length control field: 230606|| aca||aabn | a|a d
040 ## - CATALOGING SOURCE
- Original cataloging agency: JO-AjAnu
- Transcribing agency: JO-AjAnu
150 ## - HEADING--TOPICAL TERM
- Topical term or geographic name entry element: العرب-الولايات المتحدة الامريكية-تاريخ
670 ## - SOURCE DATA FOUND
- Source citation: Work cat.: (JO-AjAnu)10048: بقلم أورفلي، غرغرى؛ ترجمة مطر، هنري, author 19568, أمام ألسنة اللهب: البحث عن تاريخ العرب الامريكين = Before the flames :Aquedt for theof arab americans